000 01033nji a22002417a 4500
005 20100907161850.0
006 a|||||r|||||00| 0
007 sd ammalaaahaa
008 100830t xxu||||| |||| 00| 0 eng d
028 _aVE.2510
_bColumbia
035 _aGR-01078
040 _aSED
_cSED
100 _917455
_aMallick, Pankaj
245 _aPrem bel me phool na patte- Hindi geet /
_cby Pankaj Mallick
_h[sound recording] :
246 _aप्रेम बेल में फूल न पत्ते- हिंदी गीत / पंकज मालिक द्वारा
260 _aIndia
_bColumbia
300 _a1 sound disc [Gramophone Recording]:
_banalog, 33 1/3 rpm
_c9.5 in. (MP)
_fGramophone Record
500 _aBrief Record
505 _aSide-2 न कर इतना प्यार पंशी (Na kar itna pyar panshee) (Pankaj Mallick)
650 _aClassical Music
_zIndia
_91186
_xExcerpts
942 _2ddc
_cGR
999 _c44341
_d44341